000 00466nam a2200181Ia 4500
003 IN-BaIIA
008 211028s9999 xx 000 0 eng d
040 _cIIA Library
080 _a523.64
_bWIL
100 _aWilliams, John
_91338
245 0 _aObservations of comets
_cJohn Williams
260 _aLondon
_bStrangeways and Walden
_c1871
300 _axxxii, 124p.
500 _aplates
650 _aComets
_9755
650 _aPlanetary systems
_9965
942 _cBK
999 _c611
_d611